Rivers of energy, the hydropower potential /

Bibliographic Details
Main Author: Deudney, Daniel
Format: Book
Language:English
Published: Washington, D.C. : Worldwatch Institute, 1981.
Series:Worldwatch paper ; 44.
Subjects:

MARC

Tag First Indicator Second Indicator Subfields
LEADER 00000cam a2200000 a 4500
001 in00000071556
005 20151008062259.0
008 811007s1981 dcua b 00010 eng
010 |a  81051798  
020 |a 0916468437 (pbk.) :  |c $2.00 
035 |a (OCoLC)07923429 
035 |9 AAJ9895AM 
039 0 |a 2  |b 3  |c 3  |d 3  |e 3 
040 |a DLC  |c DLC  |d TXA  |d UtOrBLW 
049 |a TXAM  |c [1422033] 
050 0 0 |a TC147  |b .D38 
082 0 |a 333.91/4  |2 19 
100 1 |a Deudney, Daniel. 
245 1 0 |a Rivers of energy, the hydropower potential /  |c Daniel Deudney. 
264 1 |a Washington, D.C. :  |b Worldwatch Institute,  |c 1981. 
300 |a 55 pages :  |b illustrations ;  |c 22 cm. 
336 |a text  |b txt  |2 rdacontent 
337 |a unmediated  |b n  |2 rdamedia 
338 |a volume  |b nc  |2 rdacarrier 
490 1 |a Worldwatch paper ;  |v 44 
504 |a Includes bibliographical references. 
650 0 |a Water-power. 
830 0 |a Worldwatch paper ;  |v 44. 
999 |a MARS 
999 f f |s d61e13fa-c452-3168-a35d-fc12093eda96  |i ad24bba2-6ace-3f0a-99ca-2e6c365b8b95  |t 0 
952 f f |p ric  |a Texas A&M University  |b Rellis Campus  |c Joint Library Facility  |d Remote Storage  |t 0  |e TC147 .D38  |h Library of Congress classification  |i unmediated -- volume  |m A14806244285 
998 f f |a TC147 .D38  |t 0  |l Remote Storage